Rhymes with 'Cake' Quiz Stats

Quiz Updated Oct 2, 2016

Also try: Rhymes with 'Ford'
Challenge
Share
Tweet
Embed
Score 0/23 Timer 02:00
9 Plays Today
Answer % Correct
bake
97.7%
make
97.3%
lake
95.4%
take
94.5%
fake
93.4%
rake
91.8%
sake
85.7%
wake
82.7%
ache
72.9%
stake
68.8%
brake
66.8%
shake
66.2%
Answer % Correct
break
64.3%
drake
63.6%
hake
62.4%
flake
61.5%
jake
61.1%
snake
59.9%
steak
58%
slake
53.4%
quake
49.3%
crake
35.1%
strake
16.8%

You're not logged in!

Compare scores with friends on all Sporcle quizzes.
Join for Free
OR
Log In

You Might Also Like...

Show Comments

Extras

Top Quizzes Today


Score Distribution

Your Account Isn't Verified!

In order to create a playlist on Sporcle, you need to verify the email address you used during registration. Go to your Sporcle Settings to finish the process.

Report this User

Report this user for behavior that violates our Community Guidelines.

Details: